| 000 | 01549nmc a2200565 a 4500 | ||
|---|---|---|---|
| 003 | AR-BaBNM | ||
| 005 | 20251128211805.0 | ||
| 008 | 146020s2002 ||||||||||||||000 | spa|| | ||
| 020 | _a84-7738-868-7 | ||
| 040 | _cAR-BaBNM | ||
| 100 | 1 | _aFullat, Octavi | |
| 245 | 1 | 0 | _aPedagogía existencialista y postmoderna |
| 260 |
_aMadrid _c2002 _bSíntesis educación |
||
| 300 | 0 | _a375 p. | |
| 490 | 0 |
_aTeoría e historia de la educación _v17 |
|
| 600 | 0 | 4 | _aProtágoras |
| 600 | 0 | 4 | _aSócrates |
| 600 | 0 | 4 | _aAgustín |
| 600 | 0 | 4 | _aBuenaventura |
| 600 | 1 | 4 |
_aLutero, Martín _d1453-1546 |
| 600 | 1 | 4 | _aDescartes, René |
| 600 | 1 | 4 | _aPascal, Esteban |
| 600 | 1 | 4 | _aHegel, Georg Wilhelm Friedrich |
| 600 | 1 | 4 | _aNietzsche, Friedrich |
| 600 | 1 | 4 | _aKierkegaard, Sören |
| 600 | 1 | 4 | _aHusserl, Edmund |
| 600 | 1 | 4 | _aJaspers, Karl |
| 600 | 1 | 4 | _aMarcel, Gabriel |
| 600 | 1 | 4 | _aHusserl, Edmund |
| 600 | 1 | 4 | _aUnamuno, Miguel de |
| 600 | 1 | 4 | _aCamus, Albert |
| 600 | 1 | 4 | _aHeidegger, Martin |
| 600 | 1 | 4 | _aSartre, Jean-Paul |
| 600 | 1 | 4 | _aBeauvoir, Simone de |
| 600 | 1 | 4 | _aMerleau-Ponty, Maurice |
| 600 | 1 | 4 | _aLyotard, Jean-François |
| 600 | 1 | 4 | _aVattimo, Gianni |
| 600 | 1 | 4 | _aRorty, Richard |
| 600 | 1 | 4 | _aDerrida, Jacques |
| 600 | 1 | 4 | _aFoucault, Michel |
| 650 | 4 | _aPEDAGOGIA | |
| 650 | 4 | _aEXISTENCIALISMO | |
| 650 | 4 | _aFILOSOFIA DE LA EDUCACION | |
| 650 | 4 | _aFILOSOFIA GRIEGA | |
| 653 | 0 | _aFILOSOFIA MODERNA | |
| 653 | 0 | _aPOSMODERNIDAD | |
| 653 | 0 | _aFILOSOFIA MEDIEVAL | |
| 942 | _cBK | ||
| 998 | _cme-solo cat | ||
| 999 |
_c21129 _d21129 |
||